Countries With Fastest Birth Frequency - Statistics

General Stats
  • This quiz has been taken 23 times
  • The average score is 18 of 25
Answer Stats
Seconds Answer % Correct
2 India
100%
30 Niger
95%
6 Nigeria
95%
27 Brazil
86%
18 Egypt
86%
14 Indonesia
86%
7 Pakistan
86%
18 Bangladesh
82%
17 United States of America
82%
28 Afghanistan
77%
28 Kenya
77%
32 Mozambique
77%
25 Sudan
77%
28 Angola
73%
31 Iraq
73%
34 Mexico
73%
16 Tanzania
73%
42 Cameroon
68%
10 Ethiopia
68%
18 Philippines
68%
23 Uganda
68%
28 Syria
55%
40 Yemen
45%
9 Democratic Republic of Congo
14%
30 Ukraine
14%
No matching quizzes found
Score Distribution
Percent of People with Each Score
Percentile by Number Answered
Your Score History
You have not taken this quiz